Slovník súčasného slovenského jazyka M - N

Gespeichert in:
Bibliographische Detailangaben
Weitere Verfasser: Jarošová, Alexandra
Format: Buch
Sprache:Slowakisch
Veröffentlicht: Bratislava VEDA 2015
Schlagworte:
Tags: Tag hinzufügen
Keine Tags, Fügen Sie das erste Tag hinzu!

MARC

LEADER 00000nam a2200000 4500
001 0302873
005 20250901121636.2
020 |a 978-80-224-1485-2 
041 0 |a slo 
044 |a SK 
245 1 0 |a Slovník súčasného slovenského jazyka  |b M - N  |c hlavná redaktorka: Alexandra Jarošová 
264 1 |a Bratislava  |b VEDA  |c 2015 
300 |a 1104 s. 
610 2 0 |a jazykoveda 
610 2 0 |a slovenčina 
610 2 0 |a zásoba slovná 
700 1 |a Jarošová, Alexandra